Lugares qué hablan Espanol - Statistics

General Stats
  • This quiz has been taken 47 times
  • The average score is 10 of 15
Answer Stats
Answer % Correct
Argentina
82%
Mexico
79%
Venezuela
79%
Cuba
71%
Guatemala
71%
Honduras
71%
Chile
68%
Panama
65%
Peru
65%
Uruguay
65%
Bolivia
62%
Ecuador
62%
Columbia
53%
Spain
41%
Puerto Rico
32%
No matching quizzes found
Score Distribution
Percent of People with Each Score
Percentile by Number Answered
Your Score History
You have not taken this quiz